Memorias de la Lucha Sandinista : El Crisol de las Insurrecciones: Las Segovia, Managua y León.

Bibliographic Details
Main Author: Baltonado, Mónica
Format: Section = Libro
Language:Undetermined
Spanish
Published: Managua, Nicaragua [s.e.] 2011
Subjects:
LEADER 00677nam a2200229Ia 4500
008 240830s9999 xx 000 0 und d
020 |a 978-99964-0-089-6 
040 |a B-ESTELÍ- RUACS / 920 B197 
041 |a spa 
082 |a 920 B197 
100 1 |a Baltonado, Mónica 
245 1 0 |a Memorias de la Lucha Sandinista : El Crisol de las Insurrecciones: Las Segovia, Managua y León. 
260 |a Managua, Nicaragua  |b [s.e.]  |c 2011 
300 |a 488 p:il 
650 7 |a TESTIMONIOS 
650 7 |b  HISTORIA POLITICA 
650 7 |c  NICARAGUA 
650 7 |d  FRENTE SANDINISTA DE LIBERACION NACIONAL-FSLN 
650 7 |e  ENTREVISTAS 
942 |c BK  |2 ddc 
991 |a TEXTO 
999 |c 11662